000 00577nam a22001817a 4500
005 20251108172546.0
008 250721s9999 xx 000 0 ara d
082 1 4 _a910.132062حدو
100 1 _aشتان، أحمد عبدالونيس
245 1 0 _aحدود مصر الدولية /
264 1 _aالقاهرة :
_bمركز البحوث والدراسات الإسلامية،
300 _a609 ص
650 1 7 _aالجغرافيا السياسية
650 1 7 _aالحدود
650 1 7 _aالقانون الدولي العام
942 _2ddc
_cBK
999 _c82489
_d82489